000 00440nam a22001817a 4500
003 MPLRDC
005 20220104144546.0
008 210129b ||||| |||| 00| 0 eng d
020 _a7-218-01801-7
082 _a733.8 AY
100 _a阿忆总撰稿
245 _a香港百年
_c
250 _a初版
260 _a中国
_b广东人民出版社
_c1997
300 _b
650 _a东亚诸岛屿--香港
942 _cBK
_o733.8 AY
999 _c50786
_d50776